[Event "La Palma Island op"]
[Site "Santa Cruz de La Palma"]
[Date "2023.08.07"]
[Round "4"]
[White "Pierrot, Juan Facundo"]
[Black "Cai, Chaoruo"]
[Result "1-0"]
[WhiteElo "2348"]
[BlackElo "2209"]
[PlyCount "65"]
[EventDate "2023.08.05"]
[EventType "swiss"]
[EventRounds "9"]
[EventCountry "ESP"]
[SourceTitle "CBM 215 Extra"]
[Source "ChessBase"]
[SourceDate "2023.09.30"]
[SourceVersion "1"]
[SourceVersionDate "2023.09.30"]
[SourceQuality "1"]

1. d4 e6 2. c4 Nf6 3. Nc3 Bb4 4. Qc2 0-0 5. a3 Bxc3+ 6. Qxc3 b5 7. cxb5 c6 8. Bg5 cxb5 9. e3 Ba6 10. Nf3 Nc6 11. b4 Ne7 12. Bxf6 gxf6 13. Bd3 Rc8 14. Qd2 Qb6 15. 0-0 Bb7 16. e4 Ng6 17. Rfe1 a6 18. h4 Qd6 19. h5 Nf4 20. e5 fxe5 21. Rxe5 f6 22. Qxf4 fxe5 23. Qg5+ Kh8 24. h6 Rf7 25. Nxe5 Rcf8 26. Nxf7+ Rxf7 27. Rc1 Bc6 28. Be4 Qf4 29. Qxf4 Rxf4 30. Bxc6 dxc6 31. Rxc6 Kg8 32. Rxe6 Rxd4 33. Rxa6 1-0

[Event "American Continental 17th"]
[Site "Juan Dolio"]
[Date "2023.05.21"]
[Round "9"]
[White "Pierrot, Juan Facundo"]
[Black "Cardoso Cardoso, Jose Gabriel"]
[Result "1/2-1/2"]
[WhiteElo "2360"]
[BlackElo "2492"]
[PlyCount "38"]
[EventDate "2023.05.15"]
[EventType "swiss"]
[EventRounds "11"]
[EventCountry "DOM"]
[SourceTitle "CBM 214 Extra"]
[Source "ChessBase"]
[SourceDate "2023.07.31"]
[SourceVersion "1"]
[SourceVersionDate "2023.07.31"]
[SourceQuality "1"]

1. d4 Nf6 2. c4 e6 3. Nc3 Bb4 4. Qc2 d5 5. a3 Bxc3+ 6. Qxc3 0-0 7. Nf3 dxc4 8. Qxc4 b6 9. Bg5 Ba6 10. Qa4 h6 11. Bxf6 Qxf6 12. g3 Bb7 13. Bg2 Rd8 14. 0-0 Nd7 15. Ne5 Bxg2 16. Nxd7 Qf5 17. Kxg2 Qd5+ 18. Kg1 Rxd7 19. e3 Re7 1/2-1/2

[Event "Buenos Aires Ciudad de Nueve op 4th"]
[Site "Buenos Aires"]
[Date "2022.10.10"]
[Round "6"]
[White "Pierrot, Juan Facundo"]
[Black "Pacho, Jano"]
[Result "1-0"]
[WhiteElo "2363"]
[BlackElo "2110"]
[PlyCount "87"]
[EventDate "2022.10.08"]
[EventType "swiss"]
[EventRounds "7"]
[EventCountry "ARG"]
[SourceTitle "EXT 2024"]
[Source "ChessBase"]
[SourceDate "2023.10.10"]
[SourceVersion "1"]
[SourceVersionDate "2023.10.10"]
[SourceQuality "1"]

1. d4 Nf6 2. Nf3 e6 3. Bg5 c5 4. e3 Be7 5. Bd3 Qb6 6. Nbd2 d5 7. c4 Nbd7 8. 0-0 0-0 9. b3 Qc7 10. Rc1 b6 11. cxd5 exd5 12. Qc2 Re8 13. Rfd1 Bb7 14. dxc5 bxc5 15. Nd4 Qb6 16. Nf5 Bf8 17. h3 Rac8 18. Ng3 h6 19. Bxf6 Nxf6 20. Be2 g6 21. Bf3 h5 22. Ngf1 Bg7 23. Nb1 c4 24. Nc3 Red8 25. Rb1 cxb3 26. Rxb3 Qc7 27. Qb1 Ba8 28. Nb5 Qe7 29. Ng3 Ne4 30. Ne2 Bc6 31. Bxe4 dxe4 32. Rxd8+ Rxd8 33. Nbd4 Bd5 34. Rb5 Qa3 35. Qc2 Qxa2 36. Qc7 Rf8 37. Nc3 Qd2 38. Nxd5 Qe1+ 39. Kh2 Qxf2 40. Qg3 Qf1 41. Rb7 a5 42. Ne6 Qa6 43. Rb6 Qc4 44. Ne7+ 1-0

[Event "Buenos Aires Ciudad de Nueve op 4th"]
[Site "Buenos Aires"]
[Date "2022.10.08"]
[Round "2"]
[White "Pierrot, Juan Facundo"]
[Black "Garabano, Gonzalo"]
[Result "1/2-1/2"]
[WhiteElo "2363"]
[BlackElo "2059"]
[PlyCount "80"]
[EventDate "2022.10.08"]
[EventType "swiss"]
[EventRounds "7"]
[EventCountry "ARG"]
[SourceTitle "EXT 2024"]
[Source "ChessBase"]
[SourceDate "2023.10.10"]
[SourceVersion "1"]
[SourceVersionDate "2023.10.10"]
[SourceQuality "1"]

1. d4 d5 2. c4 c6 3. Nf3 Nf6 4. Nc3 a6 5. cxd5 cxd5 6. Bf4 Nc6 7. e3 Bf5 8. Be2 e6 9. Nh4 Be4 10. f3 Bg6 11. Rc1 Bd6 12. Bxd6 Qxd6 13. 0-0 0-0 14. Nxg6 hxg6 15. f4 b5 16. Bd3 Rfc8 17. Qe2 Ne7 18. a3 Nf5 19. Na2 Qb6 20. Rxc8+ Rxc8 21. Rc1 Rxc1+ 22. Nxc1 Nd6 23. Nb3 Nfe4 24. Qc2 Nc4 25. Bxc4 bxc4 26. Nd2 Nxd2 27. Qxd2 Qb3 28. Kf2 a5 29. g4 f5 30. h3 a4 31. Kg3 Kh7 32. Kh4 Qd3 33. Qe1 Qc2 34. Kg5 fxg4 35. hxg4 Qe4 36. Qf2 Kg8 37. Qe1 Kh7 38. Qf2 Kg8 39. Qg1 Kf7 40. Qf2 Kg8 1/2-1/2

[Event "La Palma Island op"]
[Site "Santa Cruz de La Palma"]
[Date "2022.08.07"]
[Round "2"]
[White "Miranda Herrera, Miguel"]
[Black "Pierrot, Juan Facundo"]
[Result "1/2-1/2"]
[WhiteElo "1974"]
[BlackElo "2371"]
[PlyCount "125"]
[EventDate "2022.08.06"]
[EventType "swiss"]
[EventRounds "9"]
[EventCountry "ESP"]
[SourceTitle "CBM 209 Extra"]
[Source "ChessBase"]
[SourceDate "2022.09.30"]
[SourceVersion "1"]
[SourceVersionDate "2022.09.30"]
[SourceQuality "1"]

1. c4 c6 2. e4 d5 3. exd5 cxd5 4. cxd5 Nf6 5. Nc3 Nxd5 6. Bc4 e6 7. Nf3 Be7 8. 0-0 0-0 9. d4 Nxc3 10. bxc3 Qc7 11. Qe2 Nc6 12. Bd3 Bd7 13. Ng5 Bxg5 14. Bxg5 Rae8 15. Rfe1 f5 16. Qd2 Qa5 17. Rab1 b6 18. Bf4 Ne7 19. Bc4 Nd5 20. Bd6 Rf7 21. Rb3 Qa4 22. Bf1 Qc6 23. Be5 Ne7 24. c4 Ng6 25. c5 bxc5 26. Rc1 Qa8 27. Rxc5 Bc6 28. Rxc6 Nxe5 29. dxe5 Qxc6 30. Bb5 Qa8 31. Bxe8 Qxe8 32. Rd3 Rb7 33. g3 Qc6 34. Rb3 Rd7 35. Rd3 Rxd3 36. Qxd3 h6 37. Qd4 a6 38. h4 Kf7 39. a4 Kg6 40. Kh2 Qc2 41. Kg1 a5 42. Qb6 Qd1+ 43. Kh2 Qd5 44. Qb5 Qf3 45. Qe8+ Kh7 46. h5 Qxf2+ 47. Kh3 Qf1+ 48. Kh2 Qe2+ 49. Kg1 Qe3+ 50. Kg2 Qe4+ 51. Kg1 Qg4 52. Kf2 f4 53. gxf4 Qxf4+ 54. Kg2 Qf5 55. Kg1 Qg4+ 56. Kf2 Qf4+ 57. Kg2 Qf5 58. Kg1 g6 59. Qe7+ Kg8 60. Qd8+ Kg7 61. Qc7+ Kg8 62. Qd8+ Kg7 63. Qe8 1/2-1/2

[Event "Leca da Palmeira op"]
[Site "Leca da Palmeira"]
[Date "2022.08.04"]
[Round "8"]
[White "Goncalves, Samuel Jesus P"]
[Black "Pierrot, Juan Facundo"]
[Result "1/2-1/2"]
[WhiteElo "1957"]
[BlackElo "2371"]
[PlyCount "81"]
[EventDate "2022.07.31"]
[EventType "swiss"]
[EventRounds "9"]
[EventCountry "POR"]
[SourceTitle "CBM 209 Extra"]
[Source "ChessBase"]
[SourceDate "2022.09.30"]
[SourceVersion "1"]
[SourceVersionDate "2022.09.30"]
[SourceQuality "1"]

1. d4 d5 2. c4 Nc6 3. Nf3 Bg4 4. e3 e6 5. Nc3 Nf6 6. cxd5 exd5 7. Be2 Bd6 8. a3 0-0 9. b4 Re8 10. 0-0 a6 11. Qc2 Qd7 12. Bb2 Re6 13. b5 axb5 14. Nxb5 Ne4 15. Ne5 Nxe5 16. dxe5 Bxe2 17. Qxe2 Bxe5 18. Rfc1 Bxb2 19. Rxc7 Qd8 20. Qxb2 Rb6 21. Rac1 Nd6 22. R7c5 Ne4 23. Rc7 h6 24. Qe2 Qe8 25. a4 Qe5 26. f3 Nf6 27. Rc8+ Rxc8 28. Rxc8+ Kh7 29. Qd3+ g6 30. Qd4 Qxd4 31. exd4 g5 32. Rc5 Kg6 33. a5 Re6 34. Nc7 Re1+ 35. Kf2 Rd1 36. Nxd5 Rxd4 37. Nxf6 Kxf6 38. Rb5 Rd2+ 39. Kg3 Ra2 40. Rb6+ Kg7 41. Rxb7 1/2-1/2

[Event "Mar del Plata op 51st"]
[Site "Mar del Plata"]
[Date "2022.04.13"]
[Round "6"]
[White "Perez Candelas, Andres Eloy"]
[Black "Pierrot, Juan Facundo"]
[Result "1/2-1/2"]
[WhiteElo "2254"]
[BlackElo "2381"]
[PlyCount "46"]
[EventDate "2022.04.09"]
[EventType "swiss"]
[EventRounds "9"]
[EventCountry "ARG"]
[SourceTitle "CBM 208 Extra"]
[Source "ChessBase"]
[SourceDate "2022.07.31"]
[SourceVersion "1"]
[SourceVersionDate "2022.07.31"]
[SourceQuality "1"]

1. e4 e5 2. Nf3 Nc6 3. Nc3 Nf6 4. d4 exd4 5. Nxd4 Bb4 6. Nxc6 bxc6 7. Bd3 d5 8. Bd2 0-0 9. 0-0 Bxc3 10. Bxc3 dxe4 11. Bxf6 Qxf6 12. Bxe4 Qxb2 13. Bxc6 Rb8 14. Rb1 Qxb1 15. Qxb1 Rxb1 16. Rxb1 Rd8 17. Bf3 Bf5 18. Rb7 Bxc2 19. Rxc7 Be4 20. Be2 g5 21. h3 a5 22. Ra7 Ra8 23. Re7 Bd5 1/2-1/2

[Event "Mar del Plata op 51st"]
[Site "Mar del Plata"]
[Date "2022.04.10"]
[Round "3"]
[White "Pierrot, Juan Facundo"]
[Black "Fiorito, Francisco"]
[Result "1-0"]
[WhiteElo "2381"]
[BlackElo "2085"]
[PlyCount "59"]
[EventDate "2022.04.09"]
[EventType "swiss"]
[EventRounds "9"]
[EventCountry "ARG"]
[SourceTitle "CBM 208 Extra"]
[Source "ChessBase"]
[SourceDate "2022.07.31"]
[SourceVersion "1"]
[SourceVersionDate "2022.07.31"]
[SourceQuality "1"]

1. d4 Nf6 2. Nf3 b6 3. g3 Bb7 4. Bg2 g6 5. c4 Bg7 6. 0-0 0-0 7. Nc3 Ne4 8. Bd2 Nxc3 9. Bxc3 Be4 10. Qd2 d5 11. Qe3 Nd7 12. Bh3 Bxf3 13. Qxf3 dxc4 14. Qc6 e6 15. Rfd1 Qe7 16. Qxc7 Rfc8 17. Qb7 Qd8 18. Bg2 a5 19. a4 Rab8 20. Qa6 Qc7 21. Rac1 e5 22. Bh3 f5 23. dxe5 Nxe5 24. Bg2 Kh8 25. Rd5 h6 26. Qb5 Re8 27. Rcd1 Re7 28. f4 Nc6 29. Rd6 Na7 30. Qd5 1-0

[Event "Villa Ballester 70th op"]
[Site "Villa Ballester"]
[Date "2020.01.22"]
[Round "6.6"]
[White "Pierrot, Juan Facundo"]
[Black "Borda Rodas, Anapaola S"]
[Result "1-0"]
[WhiteElo "2406"]
[BlackElo "2127"]
[PlyCount "81"]
[EventDate "2020.01.17"]
[EventType "swiss"]
[EventRounds "9"]
[EventCountry "ARG"]
[SourceTitle "EXT 2024"]
[Source "ChessBase"]
[SourceDate "2023.10.10"]
[SourceVersion "1"]
[SourceVersionDate "2023.10.10"]
[SourceQuality "1"]

1. e4 e5 2. Nf3 Nc6 3. Bb5 a6 4. Ba4 Nf6 5. 0-0 b5 6. Bb3 Bc5 7. c3 d6 8. d4 Bb6 9. Be3 0-0 10. Nbd2 h6 11. h3 Re8 12. Re1 Na5 13. Bc2 c5 14. d5 c4 15. b4 cxb3 16. axb3 Bd7 17. b4 Nc4 18. Nxc4 bxc4 19. Bxb6 Qxb6 20. Ra5 Nh5 21. Qd2 Nf4 22. Rea1 Bb5 23. Ba4 Rab8 24. Bxb5 axb5 25. g3 Ng6 26. Ra6 Qd8 27. Qe3 Re7 28. h4 Rd7 29. h5 Ne7 30. Nh4 Kh8 31. Qf3 Ng8 32. Nf5 Nf6 33. Ra7 Ne8 34. Qg4 Rxa7 35. Rxa7 Qf6 36. Ne7 Qg5 37. Qxg5 hxg5 38. Nc6 Rc8 39. Rxf7 Nf6 40. h6 Nxe4 41. Ne7 1-0

[Event "Timbues op"]
[Site "Timbues"]
[Date "2019.11.18"]
[Round "7"]
[White "Pierrot, Juan Facundo"]
[Black "Carraro, Denise"]
[Result "1-0"]
[WhiteElo "2400"]
[BlackElo "2185"]
[PlyCount "97"]
[EventDate "2019.11.15"]
[EventType "swiss"]
[EventRounds "7"]
[EventCountry "ARG"]
[SourceTitle "CBM 193 Extra"]
[Source "ChessBase"]
[SourceDate "2020.01.31"]
[SourceVersion "1"]
[SourceVersionDate "2020.01.31"]
[SourceQuality "1"]

1. e4 e6 2. d4 d5 3. Nd2 c5 4. exd5 exd5 5. Ngf3 a6 6. Be2 Bd6 7. dxc5 Bxc5 8. Nb3 Bb6 9. 0-0 Ne7 10. c3 0-0 11. Re1 Nbc6 12. Bd3 Qd6 13. Be3 Bxe3 14. Rxe3 Nf5 15. Bxf5 Bxf5 16. Nfd4 Bd7 17. Qh5 Rae8 18. Rae1 Nd8 19. h3 g6 20. Qh4 Rxe3 21. Rxe3 Ba4 22. Qe7 Qf4 23. Qe5 Qxe5 24. Rxe5 Re8 25. Rxd5 Bxb3 26. Nxb3 Re1+ 27. Kh2 Ne6 28. Kg3 Kg7 29. Rd2 Kf6 30. f3 Re5 31. Kf2 h5 32. h4 Ke7 33. g3 b6 34. Nd4 Nxd4 35. Rxd4 Rb5 36. b3 Ra5 37. a4 Ke6 38. Ke3 b5 39. Ke4 bxa4 40. Rxa4 Re5+ 41. Kd3 a5 42. Re4 Rxe4 43. Kxe4 Kd6 44. Kd4 f6 45. b4 axb4 46. cxb4 Kc6 47. Kc4 g5 48. b5+ Kb6 49. f4 1-0

[Event "Timbues op"]
[Site "Timbues"]
[Date "2019.11.17"]
[Round "5"]
[White "Pierrot, Juan Facundo"]
[Black "Fiorito, Fabian"]
[Result "1/2-1/2"]
[WhiteElo "2400"]
[BlackElo "2355"]
[PlyCount "20"]
[EventDate "2019.11.15"]
[EventType "swiss"]
[EventRounds "7"]
[EventCountry "ARG"]
[SourceTitle "CBM 193 Extra"]
[Source "ChessBase"]
[SourceDate "2020.01.31"]
[SourceVersion "1"]
[SourceVersionDate "2020.01.31"]
[SourceQuality "1"]

1. d4 Nf6 2. Nf3 g6 3. c4 Bg7 4. Nc3 0-0 5. g3 d6 6. Bg2 Nbd7 7. 0-0 e5 8. e4 exd4 9. Nxd4 Re8 10. h3 a6 1/2-1/2

[Event "Mar del Plata op 50th"]
[Site "Mar del Plata"]
[Date "2019.04.18"]
[Round "7"]
[White "Flores, Diego"]
[Black "Pierrot, Juan Facundo"]
[Result "1-0"]
[WhiteElo "2596"]
[BlackElo "2383"]
[PlyCount "73"]
[EventDate "2019.04.13"]
[EventType "swiss"]
[EventRounds "9"]
[EventCountry "ARG"]
[SourceTitle "CBM 190 Extra"]
[Source "ChessBase"]
[SourceDate "2019.07.15"]
[SourceVersion "1"]
[SourceVersionDate "2019.07.15"]
[SourceQuality "1"]

1. c4 c5 2. Nc3 Nc6 3. Nf3 e5 4. g3 g6 5. Bg2 Bg7 6. a3 Nge7 7. 0-0 0-0 8. Rb1 a5 9. Ne1 d6 10. Nc2 Be6 11. Ne3 Rb8 12. Ned5 Bf5 13. d3 Nxd5 14. cxd5 Ne7 15. b4 axb4 16. axb4 b6 17. Bd2 Qd7 18. Qb3 Rbc8 19. e4 Bh3 20. Na4 Bxg2 21. Kxg2 Qd8 22. bxc5 bxc5 23. Nb6 Rb8 24. Ba5 Qe8 25. Qc2 f5 26. f3 g5 27. Nc4 Qd7 28. Rxb8 Rxb8 29. Rb1 Rf8 30. Qe2 h5 31. h3 h4 32. g4 fxg4 33. fxg4 Ng6 34. Bd2 Bf6 35. Rf1 Kg7 36. Qd1 Ra8 37. Nb6 1-0

[Event "Mar del Plata op 50th"]
[Site "Mar del Plata"]
[Date "2019.04.17"]
[Round "6"]
[White "Pierrot, Juan Facundo"]
[Black "Sanhueza, Cristian"]
[Result "1-0"]
[WhiteElo "2383"]
[BlackElo "2309"]
[PlyCount "137"]
[EventDate "2019.04.13"]
[EventType "swiss"]
[EventRounds "9"]
[EventCountry "ARG"]
[SourceTitle "CBM 190 Extra"]
[Source "ChessBase"]
[SourceDate "2019.07.15"]
[SourceVersion "1"]
[SourceVersionDate "2019.07.15"]
[SourceQuality "1"]

1. d4 Nf6 2. Nf3 g6 3. g3 Bg7 4. Bg2 0-0 5. 0-0 d6 6. c4 Nc6 7. Nc3 a6 8. Bf4 Bg4 9. d5 Na5 10. b3 c5 11. dxc6 Nxc6 12. Qd2 Qa5 13. Rac1 Rfc8 14. Rfd1 b5 15. cxb5 axb5 16. Ng5 Bd7 17. Nd5 Qxd2 18. Rxd2 Nxd5 19. Bxd5 Nd8 20. Rdc2 Rxc2 21. Rxc2 Rc8 22. Rxc8 Bxc8 23. Be3 Bb7 24. Bxb7 Nxb7 25. a4 bxa4 26. bxa4 d5 27. Bd2 e5 28. Bb4 h6 29. Nf3 e4 30. Nd2 Bf8 31. a5 Nd8 32. a6 Nc6 33. Bxf8 Kxf8 34. Nb1 d4 35. Na3 Na7 36. Kf1 Ke7 37. Nc2 Kd6 38. Nxd4 Kc5 39. e3 Kb6 40. Nb3 f5 41. g4 fxg4 42. Kg2 Kxa6 43. Kg3 Kb5 44. Nd2 Kc5 45. Nxe4+ Kd5 46. Nc3+ Ke5 47. Kxg4 Nc6 48. f4+ Ke6 49. h4 Nb4 50. e4 Nd3 51. Ne2 Kf6 52. Nd4 Ke7 53. e5 Kf7 54. Kf3 g5 55. e6+ Ke7 56. fxg5 hxg5 57. hxg5 Ne5+ 58. Kf4 Ng6+ 59. Kg4 Kf8 60. Nf5 Ke8 61. Kf3 Nf8 62. Nd4 Ke7 63. Kg4 Ng6 64. Kh5 Ne5 65. Kh6 Ng4+ 66. Kh7 Kf8 67. Nf5 Ke8 68. g6 Nf6+ 69. Kh8 1-0